As minas de Salomão (Registo nº 155)

Detalhes MARC
000 -Etiqueta do registo
Cabeçalho 00843nam0a2200277 4500
005 - Identificador da versão
Campo de controlo 20240813121755.0
010 ## - Número internacional normalizado dos livros (ISBN)
Número (ISBN) 9723806614
021 ## - Número do Depósito Legal
Código do país PT
035 ## - Other System Control Numbers
System Control Number 0000159
100 ## - Dados gerais de processamento
Dados gerais de processamento 20150527d2002 m y0pory5003 ba
102 ## - Pais de publicação ou produção
País de publicação Portugal
101 1# - Língua de publicação
Língua do texto, banda sonora, etc. Português
Língua do documento no original Inglês
215 ## - Descrição física 
Indicação específica da natureza do documento e extensão da espécie 292, [9] p.
Outras indicações físicas il
200 1# - Titulo e menção de responsabilidade
Título próprio As minas de Salomão
Primeira menção de responsabilidade Rider Haggard
Outras menções de responsabilidade il. Will Nikeless, Peter Branfield
-- trad. Eça de Queiroz
225 2# - Colecção 
Título próprio da colecção Obras de Eça de Queiroz
Indicação de volume 17
210 ## - Publicação, Distribuição, etc. 
Lugar da edição, distribuição, etc. Lisboa
Nome do editor, distribuidor, etc. Livros do Brasil
Data da publicação, distribuição, etc. 2002
606 ## - Nome comum usado como assunto
Número de registo de entrada de autoridade 0002233
Palavra de ordem Literatura inglesa
Subdivisão de assunto Romance
Código do sistema CA
702 ## - Nome de autor-pessoa física (responsabilidade secundária)
Número de registo de entrada de autoridade 0000206
Palavra de ordem Nikeless
Outra parte do nome não tomada para palavra de ordem Will
Código de função Ilustrador / Técnico de desenho computorizado
Número de registo de entrada de autoridade 0000207
Palavra de ordem Branfield
Outra parte do nome não tomada para palavra de ordem Peter
Código de função Ilustrador / Técnico de desenho computorizado
Número de registo de entrada de autoridade 0000208
Palavra de ordem Queirós
Outra parte do nome não tomada para palavra de ordem Eça de
Datas 1845-1900
Código de função Tradutor
700 ## - Nome de autor-pessoa física (responsabilidade principal)
Número de registo de entrada de autoridade 0000205
Palavra de ordem Haggard
Outra parte do nome não tomada para palavra de ordem Rider
Datas 1856-1925
966 ## - Identificação da Biblioteca
Sigla EB2,3ENM
942 ## - Elementos de entrada adicionados (Koha)
Tipo de item no Koha Livro
Exemplares
Situação do levantamento Origin of item (home branch) (coded) Biblioteca de empréstimo Código de barras Cota Circulation type (not for loan) Tipo de documento Nota do exemplar Damaged status
  Biblioteca Escolar Eng. Nuno Mergulhão Biblioteca Escolar Eng. Nuno Mergulhão BENM545 82LP-3 QUE   Livro Sem mensagem